| 000 | 00991nam a2200289 i 4500 | ||
|---|---|---|---|
| 001 | 70899 | ||
| 003 | Mx-PuUPA | ||
| 005 | 20240311091806.0 | ||
| 008 | 240311s2023 mx |||gr|||| 00| 0 spa d | ||
| 020 | _a9786075632476 | ||
| 040 |
_aMx-PuUPA _bspa _cMx-PuUPA _dMx-PuUPA _erda |
||
| 041 | 0 | _aspa | |
| 100 | 1 |
_aGómez Márquez, Carlos Miguel, _915478 _eautor |
|
| 245 | 1 | 0 |
_aDiccionario de auditoria de desempeño / _cCarlos Miguel Gómez Márquez |
| 250 | _a1a. edición | ||
| 264 | 1 |
_aCiudad de México : _bInstituto Mexicano de Contadores Publicos, _c2023 |
|
| 300 |
_a147 páginas ; _c22 cm |
||
| 336 |
_2rdacontent _atexto _btxt |
||
| 337 |
_2rdamedia _asin medio _bn |
||
| 338 |
_2rdacarrier _avolumen _bnc |
||
| 490 | _aAuditoria | ||
| 650 | 7 |
_2armarc _aAuditoria _vDiccionario |
|
| 942 |
_2ddc _cLI _h657.4503 _iG63 |
||
| 999 |
_c70899 _d70899 |
||